| 000 | 00000nam 2200000za 4500 |
| 001 | 9.840430 |
| 003 | CaOODSP |
| 005 | 20221107151835 |
| 007 | cr ||||||||||| |
| 008 | 170726s2017 onc |o f|0| 0 eng d |
| 040 | |aCaOODSP|beng |
| 043 | |an-cn--- |
| 086 | 1 |aEm20-70/2017E-PDF |
| 245 | 00|aTowards a Poverty Reduction Strategy |h[electronic resource] : |btoolkit. |
| 260 | |a[Ottawa] : |bEmployment and Social Development Canada, |c2017. |
| 300 | |a[12] p. |
| 500 | |aIssued also in French under title: Vers une stratégie de réduction de la pauvreté : trousse d'outils. |
| 500 | |aCover title. |
| 520 | |a"The Government of Canada is currently engaging Canadians on its development of a Poverty Reduction Strategy - one that creates a more inclusive middle class that is more accessible for those who wish to join it. You can make a difference by participating and getting involved. To help you host your own discussion and gather feedback form members of your community, the Government of Canada developed a toolkit with templates and materials for organizing and promoting your event as well as collecting and submitting the results."--p. [3]. |
| 692 | 07|2gccst|aPoverty |
| 710 | 1 |aCanada. |bEmployment and Social Development Canada. |
| 775 | 08|tVers une stratégie de réduction de la pauvreté |w(CaOODSP)9.840431 |
| 856 | 40|qPDF|s290 KB|uhttps://publications.gc.ca/collections/collection_2017/edsc-esdc/Em20-70-2017-eng.pdf |
| 986 | |aSSD-182-02-17 |